[Event "17th Asian Continental-ch Women 2018"]
[Site "Makati City"]
[Date "2018.12.14"]
[Round "5.16"]
[White "Nithyalakshmi, Sivanesan"]
[Black "Zhang, Xiao"]
[Result "1/2-1/2"]
[WhiteElo "1942"]
[BlackElo "2017"]
[PlyCount "117"]
[EventDate "2018.12.07"]
[EventType "swiss"]
[EventCountry "PHI"]
[TimeControl "40/5400+30:1800+30"]

1. Nf3 d5 2. g3 c6 3. Bg2 Bf5 4. O-O Nf6 5. c4 e6 6. b3 Nbd7 7. Bb2 Bd6 8. d3 Qe7 9. Nbd2 Ba3 10. Qc1 Bxb2 11. Qxb2 O-O 12. b4 e5 13. Nh4 Bg4 14. Rfe1 e4 15. f3 e3 16. fxg4 exd2 17. Qxd2 dxc4 18. Nf5 Qe6 19. dxc4 Ne5 20. Qg5 g6 21. c5 Nfxg4 22. Nd6 a5 23. b5 Rab8 24. b6 f5 25. Qd2 Nd7 26. e4 Qe5 27. Rac1 f4 28. Qc3 Qh5 29. h3 Nge5 30. gxf4 Rxf4 31. Rf1 g5 32. Qg3 Rbf8 33. Nf5 Rxf1+ 34. Rxf1 h6 35. Nd6 Rxf1+ 36. Bxf1 Nf3+ 37. Kf2 Nd2 38. Qc3 Qh4+ 39. Ke2 Nxf1 40. Kxf1 Qf4+ 41. Ke1 Ne5 42. Nxb7 Qxe4+ 43. Kd2 Qd5+ 44. Kc2 Qe4+ 45. Kb2 Nc4+ 46. Kc1 Qf4+ 47. Kc2 Ne3+ 48. Kd3 Nd5 49. Qc4 Qf3+ 50. Kc2 Kf8 51. Kb2 a4 52. Qxa4 Qc3+ 53. Kb1 Qd2 54. Qc2 Qb4+ 55. Qb3 Qe1+ 56. Kb2 Qe2+ 57. Kb1 Qd2 58. Qc2 Qb4+ 59. Qb3 1/2-1/2

[Event "17th Asian Continental-ch Women 2018"]
[Site "Makati City"]
[Date "2018.12.14"]
[Round "5.17"]
[White "Mordido, Kylen Joy"]
[Black "Karenza, Dita"]
[Result "0-1"]
[WhiteElo "2045"]
[BlackElo "1944"]
[PlyCount "62"]
[EventDate "2018.12.07"]
[EventType "swiss"]
[EventCountry "PHI"]
[TimeControl "40/5400+30:1800+30"]

1. c4 e6 2. Nf3 d5 3. d4 Nf6 4. g3 dxc4 5. Qa4+ Nbd7 6. Bg2 a6 7. Qxc4 b5 8. Qc2 Bb7 9. O-O c5 10. Rd1 Rc8 11. Qd2 cxd4 12. Nxd4 Bxg2 13. Kxg2 Bc5 14. b3 Qb6 15. Bb2 O-O 16. f3 Rfd8 17. b4 Be7 18. Nb3 e5 19. Rc1 Rxc1 20. Nxc1 Nb8 21. Nd3 Nc6 22. a3 Nd5 23. Nc3 Ne3+ 24. Kh1 Nc4 25. Qc1 Nd4 26. Ra2 Nxf3 27. Ba1 Ng5 28. h4 Ne3 29. Ne1 Qc6+ 30. Kg1 Nh3+ 31. Kh2 Ng4+ 0-1

[Event "17th Asian Continental-ch Women 2018"]
[Site "Makati City"]
[Date "2018.12.14"]
[Round "5.18"]
[White "Doan, Thi Van Anh"]
[Black "Anisa, Aay Aisyah"]
[Result "0-1"]
[WhiteElo "1950"]
[BlackElo "1985"]
[PlyCount "108"]
[EventDate "2018.12.07"]
[EventType "swiss"]
[EventCountry "PHI"]
[TimeControl "40/5400+30:1800+30"]

1. d4 Nf6 2. c4 e6 3. Nc3 Bb4 4. Qc2 O-O 5. e4 d5 6. cxd5 exd5 7. e5 Ne4 8. Bd3 c5 9. dxc5 Nd7 10. Nf3 Ndxc5 11. O-O Bxc3 12. bxc3 Nxd3 13. Qxd3 Be6 14. Be3 Qa5 15. Rfc1 Rac8 16. Bd4 h6 17. Nd2 Nxd2 18. Qxd2 Rc4 19. f4 Bf5 20. h3 b5 21. g4 Be4 22. f5 b4 23. cxb4 Qa3 24. Kh2 Rxb4 25. f6 Rfb8 26. Bc5 Rb2 27. Bxa3 Rxd2+ 28. Kg1 Rd3 29. e6 Rxa3 30. Rc7 Rg3+ 31. Kf2 Rf3+ 32. Ke1 Rxf6 33. e7 Re6 34. Rxa7 Re8 35. a4 R6xe7 36. Ra5 Bg2+ 37. Kd2 Re2+ 38. Kd3 R8e3+ 39. Kd4 Rxh3 40. Rb5 Rg3 41. a5 Rxg4+ 42. Kc5 d4 43. Rb3 Rc2+ 44. Kd6 Rg6+ 45. Ke5 Rc8 46. a6 Rg4 47. Kf5 h5 48. Ra5 Re8 49. Re5 Be4+ 50. Rxe4 Rgxe4 51. Rb5 g6+ 52. Kg5 R4e5+ 53. Kh6 Rxb5 54. a7 Kf8 0-1

[Event "17th Asian Continental-ch Women 2018"]
[Site "Makati City"]
[Date "2018.12.14"]
[Round "5.19"]
[White "Wang, Ying"]
[Black "San Diego, Jerlyn Mae"]
[Result "0-1"]
[WhiteElo "1324"]
[BlackElo "1932"]
[PlyCount "74"]
[EventDate "2018.12.07"]
[EventType "swiss"]
[EventCountry "PHI"]
[TimeControl "40/5400+30:1800+30"]

1. Nf3 g6 2. e4 c5 3. d4 cxd4 4. Qxd4 Nf6 5. e5 Nc6 6. Qa4 Nd5 7. c4 Nb6 8. Qd1 d6 9. exd6 Qxd6 10. Qxd6 exd6 11. a3 Bg7 12. Ra2 Be6 13. b3 Na5 14. Nfd2 Rc8 15. Bb2 Bxb2 16. Rxb2 d5 17. Nc3 dxc4 18. b4 Nb3 19. Nb5 c3 20. Nd6+ Ke7 21. Nxc8+ Rxc8 22. Bd3 cxb2 23. Nxb3 Rc1+ 24. Kd2 Rxh1 25. h3 Bxb3 26. Kc3 b1=Q 27. Bxb1 Rxb1 28. f4 Na4+ 29. Kd4 Re1 30. Kd3 Kd6 31. Kd2 Re4 32. Kd3 Kd5 33. g3 Bc4+ 34. Kd2 Re2+ 35. Kd1 Kd4 36. g4 Kd3 37. f5 Bb3+ 0-1

[Event "17th Asian Continental-ch Women 2018"]
[Site "Makati City"]
[Date "2018.12.15"]
[Round "6"]
[White "Guo, Qi"]
[Black "Munkhzul, Turmunkh"]
[Result "1/2-1/2"]
[WhiteElo "2368"]
[BlackElo "2255"]
[Annotator "TA"]
[PlyCount "116"]
[EventDate "2018.12.07"]
[EventType "swiss"]
[EventCountry "PHI"]
[SourceTitle "playchess.com"]
[Source "ChessBase"]
[SourceQuality "1"]

{[%evp 26,116,54,51,89,75,73,67,99,89,120,56,97,38,26,8,33,29,29,23,78,79,70,74,74,74,132,85,84,39,76,74,84,47,63,56,108,9,95,41,44,50,45,2,43,50,53,19,14,18,18,0,0,0,0,0,0,0,0,0,0,0,0,0,0,0,0,0,0,0,0,0,0,0,0,0,0,0,0,0,0,0,0,0,0,0,0,0,0,0,0,0,0]} 1. d4 Nf6 2. Bg5 g6 3. Bxf6 exf6 4. e3 Bg7 5. c4 O-O 6. Nc3 d6 7. g3 f5 8. Bg2 Nd7 {[%cal Bb8d7,Bd7f6,Bf6e4][%mdl 32]} 9. Nge2 Nf6 10. O-O Re8 11. Qd3 {A45: Trompowsky Attack} c6 12. b4 Qe7 13. b5 Ne4 14. Rab1 {LiveBook: 4 Games} (14. a4 a6 15. bxc6 bxc6 16. Rab1 a5 17. Rb6 Ra6 18. Rb8 Qc7 19. Rfb1 Nf6 {1-0 (83) Kryakvin,D (2567)-Ponkratov,P (2605) Serpukhov 2018}) 14... Bd7 15. bxc6 $146 ({Predecessor:} 15. Rfc1 Rac8 16. a4 {½-½ (16) Pride,S (149)-Smith,D (144) Aberystwyth 2014}) 15... Bxc6 16. Nf4 Nxc3 17. Qxc3 Bxg2 18. Nxg2 (18. Kxg2 $16 Rac8 19. Kg1) 18... Rac8 19. Qd3 (19. Nf4 $16) 19... Bh6 $1 $14 20. a4 Rc7 21. a5 Rec8 22. Rfc1 Qe8 (22... Qe6 $11 {remains equal.}) 23. Rb4 $16 Qc6 24. Qb3 Qe4 25. h4 Re7 (25... Qc6 $142) 26. Qc2 Qc6 27. Qa4 Qf3 {[%cal Re7e3]} 28. Qd1 Qe4 29. Ne1 Rec7 30. Qf3 Bf8 {[#]} (30... Qe6 $14) 31. Rc3 (31. Qxe4 $1 $16 fxe4 32. Ng2) 31... Qe7 (31... b5 $11) 32. Nc2 ({White should play} 32. Nd3 $16) 32... b6 $14 33. axb6 axb6 34. Qd5 (34. Rxb6 {feels hotter.} Rxc4 35. Rxc4 Rxc4 36. Nb4 Kg7 37. h5) 34... Qe4 (34... Qe6 {is interesting.} 35. Qxe6 fxe6 36. Ne1 h6 37. Nd3 Kf7) 35. Qxe4 fxe4 36. Rxb6 Rxc4 {The position is equal.} 37. Rxc4 Rxc4 {[%mdl 4096] Endgame KRB-KRN} 38. Nb4 Rc1+ $1 39. Kg2 Rb1 40. g4 Be7 41. Nd5 Rxb6 42. Nxb6 Bxh4 $11 {KB-KN} 43. Nc8 d5 44. Nb6 f5 45. gxf5 gxf5 46. Nxd5 Kf7 47. Nf4 Kf6 48. f3 Be1 49. fxe4 fxe4 50. Nh5+ Ke6 51. Kf1 Bh4 52. Kg2 Be1 53. Nf4+ Kf5 54. Nh5 Ke6 55. Kf1 Bh4 56. Kg2 Be1 57. Kf1 Bh4 58. Kg2 Be1 {Accuracy: White = 62%, Black = 50%.} 1/2-1/2

[Event "17th Asian Continental-ch Women 2018"]
[Site "Makati City"]
[Date "2018.12.15"]
[Round "6"]
[White "Hoang, Thi Bao Tram"]
[Black "Zhu, Jiner"]
[Result "0-1"]
[WhiteElo "2314"]
[BlackElo "2409"]
[Annotator "TA"]
[PlyCount "132"]
[EventDate "2018.12.07"]
[EventType "swiss"]
[EventCountry "PHI"]
[SourceTitle "playchess.com"]
[Source "ChessBase"]
[SourceQuality "1"]

{[%evp 15,132,8,39,-17,-23,-24,0,0,0,-10,-5,-21,0,0,0,0,20,13,28,24,17,18,72,68,75,61,83,77,76,58,68,62,65,36,26,38,41,0,0,0,0,-68,-71,-94,-93,-86,-89,-85,-85,-85,-88,-102,-91,-94,-84,-106,-62,-56,-35,-34,-43,-51,-11,-99,0,-88,-85,-94,-93,-93,-96,-90,-97,-105,-105,-105,0,-103,-103,-102,-77,-197,-176,-193,0,-128,-123,-108,-118,-123,-133,-131,-130,-131,-42,-58,-27,-361,-329,-269,-361,-328,-8,-8,-8,-29965,-29964,-29963,-29966,-29971,-29972,-29968,-29972,-29972,-29974,-29978,-29979,-29979,-29980]} 1. d4 g6 2. Nf3 Nf6 3. g3 Bg7 4. Bg2 O-O 5. O-O c6 6. c4 d6 7. Nc3 Qa5 8. d5 cxd5 {LiveBook: 27 Games. E62: King's Indian: Fianchetto: 6...c6 and Panno Variation (6...Nc6) without ...a6} 9. Nxd5 (9. cxd5 $14 Na6 10. e4) (9. cxd5 b5 10. Nd4 b4 11. Nb3 Qa6 12. Nb1 Nbd7 13. Be3 Bb7 14. a3 bxa3 15. Rxa3 Qb5 16. Nc3 Qc4 17. Na5 {0-1 (37) Putka,V (2307)-Kulaots,K (2556) Tallinn 2016}) 9... Nxd5 $11 10. cxd5 Nd7 {Black has an edge.} 11. Nd4 Qb6 $146 ({Predecessor:} 11... Nc5 12. Bd2 Qa4 13. Bc3 Qxd1 14. Rfxd1 Na4 15. Rac1 Bd7 16. Nb3 Nxc3 17. bxc3 {0-1 (26) Martins Jr Sobrinho,M (1838)-Madeira,W (2146) Florianopolis 2016}) 12. e3 a5 13. b3 Nc5 14. Bd2 Bd7 15. Bc3 Rfc8 16. Qd2 Qd8 17. Rac1 Be8 18. Rc2 f5 (18... Qb6 $11) 19. Rfc1 $16 Bf7 20. Ne2 a4 21. Bxg7 Kxg7 22. Qd4+ Kg8 23. b4 Nd7 24. a3 Rxc2 25. Rxc2 Rc8 26. Rxc8 (26. Rc3 {seems wilder.} Ne5 27. Qd2 Be8 28. Nd4 Bd7 29. h3) 26... Qxc8 27. Nc3 Ne5 28. f4 ({Better is} 28. e4 $11) 28... Nc4 $15 29. Bf1 Nxa3 30. Nxa4 Qc1 31. Qc3 Qxc3 32. Nxc3 $17 {[%mdl 4096] Endgame KBN-KBN} Nc2 $1 {[%csl LRb4,LRe3]} 33. Kf2 Nxb4 34. Bc4 Kf8 35. Kf3 Ke8 36. e4 Kd7 37. exf5 gxf5 38. Ke3 Kc7 39. Kd4 (39. Bb3 $1 $11) 39... Nc2+ $1 40. Kd3 Na3 $1 41. Bb3 Kb6 42. Ba4 Kc5 {White must now prevent ...b5.} 43. Bd7 Bg6 $1 44. Nd1 Nc4 45. Nc3 Na3 46. Nd1 $1 b5 {[%cal Bb7b5,Bb5b4][%mdl 32]} 47. Nc3 h6 ({Don't play} 47... b4 $6 48. Na4+ Kxd5 49. Nb6+ Kc5 50. Na4+ Kd5 51. Nb6+ Kc5 52. Na4+ Kd5 $11) 48. Nd1 (48. h3 $17) 48... Nc4 $19 ({But not} 48... Kxd5 49. Ne3+ Kc5 50. Bxf5 $17) 49. Nc3 Na3 $2 (49... b4 $19 50. Na4+ Kxd5 51. Be6+ Kxe6 52. Kxc4 b3 $1 {[%mdl 512]}) 50. Be6 (50. Nd1 $1 $11 {remains equal.}) 50... Be8 $1 $17 51. Bxf5 b4 52. Nd1 Bb5+ $1 53. Kd2 Nc4+ 54. Kc1 Kxd5 (54... Kd4 $17 55. g4 Nb6) 55. g4 $1 $15 Kd4 {Threatens to win with ...Ne3.} 56. h4 $2 {[%mdl 8192] [#]} (56. g5 $11 hxg5 57. fxg5) 56... Ne3 $1 $19 57. Nxe3 Kxe3 {KB-KB} 58. g5 {[#]} hxg5 $2 ({Black should try} 58... h5 $1 $19 59. Bg6 Kxf4 60. Bxh5 Bc4) 59. fxg5 $11 {aiming for h5.} Kf4 60. Bh7 $2 {[%mdl 8192]} (60. Bc2 $11) 60... Kg4 {Black mates.} 61. Kc2 Bd7 62. Kb3 Kxh4 63. g6 Bf5 64. Kxb4 Kg5 65. Kc3 Kf6 66. Bg8 e6 {Accuracy: White = 50%, Black = 54%.} 0-1

[Event "17th Asian Continental-ch Women 2018"]
[Site "Makati City"]
[Date "2018.12.15"]
[Round "6"]
[White "Gong, Qianyun"]
[Black "Padmini, Rout"]
[Result "0-1"]
[WhiteElo "2312"]
[BlackElo "2345"]
[Annotator "TA"]
[PlyCount "122"]
[EventDate "2018.12.07"]
[EventType "swiss"]
[EventCountry "PHI"]
[SourceTitle "playchess.com"]
[Source "ChessBase"]
[SourceQuality "1"]

{[%evp 17,122,-25,8,0,0,0,-9,0,8,-12,0,-20,-28,-22,-26,-21,-12,-12,-18,-20,-9,-25,-25,-48,-24,-23,-18,-56,-51,-87,-98,-113,-120,-109,-108,-118,-109,-110,-88,-107,75,-39,0,-145,-147,-162,-158,-202,-137,-104,-121,-129,-116,-285,-228,-693,-689,-775,-776,-722,-520,-604,-604,-595,-589,-572,-559,-497,-309,-301,-289,-270,-252,-383,-358,-345,-336,-326,-302,-374,-356,-345,-320,-320,-320,-320,-320,-320,-310,-344,-338,-505,-472,-554,-554,-629,-384,-4141,-4141,-4141,-4141,-4141,-1151,-4141,-4141,-4133,-4133]} 1. f4 c5 2. Nf3 Nc6 3. g3 d5 4. Bg2 g6 5. O-O Bg7 6. d3 Nf6 7. c3 O-O 8. Qe1 d4 9. Na3 Nd5 {[%cal Rd4c3] LiveBook: 32 Games} 10. e4 {A03: Bird's Opening with 1...d5} (10. Bd2 b6 11. Nc2 Bb7 12. c4 Nc7 13. b4 Nxb4 14. Nxb4 cxb4 15. Bxb4 b5 16. cxb5 Nxb5 17. Qf2 a5 {½-½ (41) Swiercz,D (2501)-Grachev,B (2667) Lublin 2010}) 10... dxe3 11. Bxe3 Nxe3 12. Qxe3 {The position is equal.} Bg4 13. h3 $146 ({Predecessor:} 13. Qxc5 Qxd3 14. Rfd1 Qa6 15. Rd2 {0-1 (23) Zwardon,V (2257)-Worek,J (2234) Czechia 2010}) 13... Be6 14. Rfd1 b6 15. Nc4 Bd5 16. Qe2 Qc7 17. Ne3 Bxf3 18. Qxf3 Rac8 19. Rac1 e6 20. Kh2 Ne7 21. Rc2 Rfd8 22. Re2 b5 23. Ng4 h5 24. Ne5 f6 {[%mdl 64] Trapped Piece} 25. Nxg6 Nxg6 26. Rxe6 h4 {Strongly threatening ...hxg3+.} 27. Qg4 hxg3+ 28. Kxg3 Nf8 $2 (28... Qf7 $17 {And now ...Nf8 would win.} 29. Be4 Ne7) 29. Ra6 (29. Rxf6 $1 $16 b4 30. Rf5) 29... Qd7 {[#] White must now prevent ...f5.} 30. Qh5 {[#]} (30. Bc6 $1 $11 {[%mdl 512] keeps the balance.} Qxg4+ (30... Rxc6 31. Qxd7) 31. hxg4) 30... f5 $1 $17 31. Kh2 {intending Rg1.} Rc7 {[%cal Bc8c7,Bc7d7,Bd7d6][%mdl 32]} 32. Bf3 Qf7 33. Qg5 Rcd7 34. Bh5 Qe7 35. Qg3 $2 (35. Rg1 $17 {keeps fighting.}) 35... Rd6 36. Ra5 $2 (36. Rxd6 Qxd6 37. d4) 36... Rh6 $19 37. Bf3 Rg6 38. Qf2 a6 39. Rg1 Qc7 40. Rxg6 Nxg6 41. Rxa6 Qxf4+ 42. Qg3 Qxg3+ 43. Kxg3 Be5+ ({Stronger than} 43... Rxd3 44. Rxg6 Rd2 45. Rc6 $11) 44. Kf2 Nf4 45. Rb6 (45. Be2 $142) 45... Nxd3+ 46. Kf1 Nxb2 47. Rxb5 Nd3 ({Don't do} 47... Bxc3 48. Rxc5 Bf6 49. Rxf5 $19) 48. c4 Bd4 49. Rb3 Ne5 50. Bd5+ Kg7 51. a4 Rd6 52. a5 Ra6 53. Rb5 Bc3 54. Rxc5 (54. Rb7+ $142 Kf8 55. Rb8+ Ke7 56. Rb7+ Nd7 57. Ke2) 54... Rxa5 55. Rxa5 Bxa5 56. Ke2 Bb6 57. Kd2 $2 (57. Kf1) 57... Kf6 {Black is clearly winning.} 58. Kc3 Bc5 59. Kb3 Nf7 (59... f4 $142 60. Ka4 f3) 60. Ka4 Nd6 61. Kb3 Kg5 {Accuracy: White = 30%, Black = 74%.} 0-1

[Event "17th Asian Continental-ch Women 2018"]
[Site "Makati City"]
[Date "2018.12.15"]
[Round "6.4"]
[White "Vo, Thi Kim Phung"]
[Black "Pham, Le Thao Nguyen"]
[Result "1/2-1/2"]
[WhiteElo "2352"]
[BlackElo "2363"]
[PlyCount "79"]
[EventDate "2018.12.07"]
[EventType "swiss"]
[EventCountry "PHI"]
[TimeControl "40/5400+30:1800+30"]

1. d4 Nf6 2. c4 e6 3. Nc3 Bb4 4. Qc2 O-O 5. Nf3 d6 6. Bg5 Nbd7 7. e3 h6 8. Bh4 b6 9. Bd3 Bb7 10. O-O Bxc3 11. bxc3 Re8 12. e4 e5 13. Rfe1 Nf8 14. c5 Ng6 15. cxd6 cxd6 16. Bb5 Nxh4 17. Nxh4 Re7 18. Nf5 Rc7 19. Rad1 Qf8 20. Re3 Bc8 21. Ng3 a6 22. Ba4 b5 23. Bb3 Bd7 24. Qd2 a5 25. h3 a4 26. Bd5 Rac8 27. a3 Nxd5 28. exd5 exd4 29. Qxd4 Rc4 30. Qd2 f5 31. Ne2 f4 32. Rf3 g5 33. Rd3 Bf5 34. Rd4 f3 35. gxf3 Bxh3 36. Qe3 Re8 37. Re4 Rcxe4 38. fxe4 Bg4 39. Rd3 Qf6 40. Nd4 1/2-1/2

[Event "17th Asian Continental-ch Women 2018"]
[Site "Makati City"]
[Date "2018.12.15"]
[Round "6.5"]
[White "Wang, Jue"]
[Black "Li, Yunshan"]
[Result "1-0"]
[WhiteElo "2367"]
[BlackElo "2196"]
[PlyCount "63"]
[EventDate "2018.12.07"]
[EventType "swiss"]
[EventCountry "PHI"]
[TimeControl "40/5400+30:1800+30"]

1. e4 c6 2. d4 d5 3. e5 c5 4. dxc5 e6 5. a3 Bxc5 6. b4 Bb6 7. Qg4 Ne7 8. Nf3 Ng6 9. Bd3 f5 10. Qh5 Nc6 11. Bb2 Nce7 12. Qg5 O-O 13. h4 h6 14. Qg3 Bd7 15. Nbd2 Bc7 16. O-O Qb8 17. Rfe1 Nh8 18. c4 dxc4 19. Nxc4 g6 20. Nd6 Nf7 21. Bc4 b5 22. Bb3 a5 23. Rad1 Rd8 24. Bc1 axb4 25. axb4 Ra1 26. Nxf7 Kxf7 27. Bxh6 Rxd1 28. Rxd1 Ng8 29. Bg5 Ne7 30. Bxe7 Kxe7 31. Qg5+ Ke8 32. Qxg6+ 1-0

[Event "17th Asian Continental-ch Women 2018"]
[Site "Makati City"]
[Date "2018.12.15"]
[Round "6.6"]
[White "Nguyen, Thi Thanh An"]
[Black "Citra, Dewi Ardhiani Anast"]
[Result "1/2-1/2"]
[WhiteElo "2262"]
[BlackElo "2215"]
[PlyCount "51"]
[EventDate "2018.12.07"]
[EventType "swiss"]
[EventCountry "PHI"]
[TimeControl "40/5400+30:1800+30"]

1. d4 d5 2. c4 Nc6 3. Nf3 Bg4 4. cxd5 Bxf3 5. gxf3 Qxd5 6. e3 e5 7. Nc3 Bb4 8. Bd2 Bxc3 9. bxc3 Qd6 10. Qb3 O-O-O 11. Rb1 b6 12. Bg2 f5 13. f4 exf4 14. O-O f3 15. Bxf3 Nf6 16. Qb5 Ne7 17. Qa6+ Kd7 18. Qxa7 Ke6 19. Qa6 Kd7 20. Qa4+ Kc8 21. Qa7 h5 22. Qa6+ Kd7 23. Qa4+ Kc8 24. Qa6+ Kd7 25. Qa4+ Kc8 26. Qa6+ 1/2-1/2

[Event "17th Asian Continental-ch Women 2018"]
[Site "Makati City"]
[Date "2018.12.15"]
[Round "6.7"]
[White "Ning, Kaiyu"]
[Black "Li, Xueyi"]
[Result "0-1"]
[WhiteElo "2247"]
[BlackElo "2187"]
[PlyCount "68"]
[EventDate "2018.12.07"]
[EventType "swiss"]
[EventCountry "PHI"]
[TimeControl "40/5400+30:1800+30"]

1. d4 d5 2. c4 e6 3. Nf3 c6 4. e3 Nf6 5. b3 Nbd7 6. Bd3 Bd6 7. Bb2 Qe7 8. Nbd2 dxc4 9. Nxc4 Bb4+ 10. Ncd2 c5 11. O-O cxd4 12. Nxd4 Ne5 13. Be2 O-O 14. a3 Ba5 15. f4 Bxd2 16. Qxd2 Ng6 17. a4 Rd8 18. Rfd1 Bd7 19. Bf3 e5 20. fxe5 Nxe5 21. Bxb7 Rab8 22. Bf3 Nxf3+ 23. gxf3 Re8 24. Re1 Rb6 25. a5 Ne4 26. Qc2 Rg6+ 27. Kh1 Nf6 28. e4 Nh5 29. Rg1 Qh4 30. Rxg6 hxg6 31. Rg1 Rc8 32. Qd2 Bh3 33. Ne2 Qf2 34. Qd3 Rc2 0-1

[Event "17th Asian Continental-ch Women 2018"]
[Site "Makati City"]
[Date "2018.12.15"]
[Round "6.8"]
[White "Doroy Allaney Jia G"]
[Black "Gu, Tianlu"]
[Result "0-1"]
[WhiteElo "1972"]
[BlackElo "2231"]
[PlyCount "114"]
[EventDate "2018.12.07"]
[EventType "swiss"]
[EventCountry "PHI"]
[TimeControl "40/5400+30:1800+30"]

1. c4 e5 2. g3 g6 3. Bg2 Bg7 4. Nc3 Ne7 5. e3 c5 6. Nge2 Nbc6 7. O-O O-O 8. d3 d6 9. Rb1 Rb8 10. a3 a5 11. Bd2 Be6 12. Nd5 b5 13. b3 b4 14. axb4 Bxd5 15. cxd5 Nxb4 16. Bxb4 Rxb4 17. Nc3 Qb8 18. Qc2 Qb7 19. Ne4 Qb6 20. Nd2 Rb8 21. e4 f5 22. Ra1 Qc7 23. Ra3 fxe4 24. dxe4 c4 25. bxc4 Bh6 26. Qd3 Rb2 27. Nb1 Qc5 28. Rc3 a4 29. h4 Kg7 30. Bh3 R8b7 31. Be6 Rb8 32. Bd7 a3 33. Nxa3 Rd2 34. Qf3 Ng8 35. Rb3 Rf8 36. Qg2 Nf6 37. Be6 Nxe4 38. Rf3 Nf6 39. g4 Bf4 40. g5 Ne4 41. Kh1 Ra2 42. Nb1 Qxc4 43. Ra3 Rxa3 44. Nxa3 Qd3 45. Re1 Nd2 46. Qh3 Nf3 47. Ra1 e4 48. Qf1 Nxh4 49. Qxd3 exd3 50. Nc4 Nf3 51. Rd1 d2 52. Kg2 Nxg5 53. Bg4 Ne4 54. Ne3 Bxe3 55. fxe3 Rf2+ 56. Kg1 h5 57. Bh3 Re2 0-1

[Event "17th Asian Continental-ch Women 2018"]
[Site "Makati City"]
[Date "2018.12.15"]
[Round "6.9"]
[White "Secopito, Catherine"]
[Black "Nakhbayeva, Guliskhan"]
[Result "0-1"]
[WhiteElo "2145"]
[BlackElo "2371"]
[PlyCount "134"]
[EventDate "2018.12.07"]
[EventType "swiss"]
[EventCountry "PHI"]
[TimeControl "40/5400+30:1800+30"]

1. d4 Nf6 2. c4 e6 3. Nc3 Bb4 4. e3 O-O 5. a3 Bxc3+ 6. bxc3 c5 7. Nf3 d5 8. cxd5 exd5 9. dxc5 Nbd7 10. c4 Nxc5 11. cxd5 Bf5 12. Bb2 Nxd5 13. Bc4 Nb6 14. Qd4 Qxd4 15. Bxd4 Nxc4 16. Bxc5 Rfc8 17. Bd4 Nxa3 18. O-O Nb5 19. Ra5 a6 20. Bb6 Rc6 21. Nd4 Rxb6 22. Nxf5 Kf8 23. Rb1 Rc8 24. g4 Rbc6 25. Kg2 Rc1 26. Rb3 Rd1 27. h4 g6 28. Ng3 Nd6 29. h5 Rc2 30. Ra4 Rdd2 31. Rf4 b5 32. Ra3 Rc6 33. h6 Nc4 34. Rb3 g5 35. Rf5 Nd6 36. Rxg5 Rcc2 37. Nh1 Rc6 38. Ng3 Rcc2 39. Nh1 Ne4 40. Rf5 Rc3 41. Rb1 Rc6 42. Rb4 Nd6 43. Rg5 Nc4 44. Rb3 Rxh6 45. Rc5 Rg6 46. Kh3 Nd6 47. Ra3 Ne4 48. Rf5 Rd1 49. Ng3 Nxg3 50. Kxg3 b4 51. Rb3 Rb6 52. Ra5 Rc1 53. Ra4 Rc4 54. f3 Ke7 55. e4 Ke6 56. Kf4 Kd6 57. Ra5 Rc5 58. Ra1 a5 59. Rh1 Rcb5 60. Rxh7 a4 61. Rb1 f6 62. Rh5 b3 63. Rc1 Rxh5 64. gxh5 b2 65. Rg1 a3 66. h6 Rb8 67. h7 a2 0-1

[Event "17th Asian Continental-ch Women 2018"]
[Site "Makati City"]
[Date "2018.12.15"]
[Round "6.10"]
[White "Aulia, Medina Warda"]
[Black "Bach, Ngoc Thuy Duong"]
[Result "1-0"]
[WhiteElo "2366"]
[BlackElo "2131"]
[PlyCount "115"]
[EventDate "2018.12.07"]
[EventType "swiss"]
[EventCountry "PHI"]
[TimeControl "40/5400+30:1800+30"]

1. e4 c5 2. Nf3 d6 3. d4 cxd4 4. Nxd4 Nf6 5. Nc3 a6 6. Be2 e5 7. Nb3 Be7 8. O-O O-O 9. a4 Be6 10. Bf3 Nbd7 11. Re1 Rc8 12. Nd2 Bc4 13. a5 b5 14. axb6 Bb5 15. b7 Rb8 16. Nf1 Bxf1 17. Rxf1 a5 18. Nd5 Rxb7 19. Nxe7+ Qxe7 20. Rxa5 Nc5 21. Re1 Qc7 22. Ra3 h6 23. c3 Qc6 24. Qc2 Rc8 25. b4 Ncd7 26. Qd3 Nb6 27. h3 Nc4 28. Ra2 Nb6 29. Bd2 Nc4 30. Be3 Rbc7 31. Bc1 Rb7 32. Bg4 Nxg4 33. hxg4 Nb6 34. g5 Qxc3 35. Qxc3 Rxc3 36. gxh6 gxh6 37. Bxh6 Rb3 38. Bd2 Nc4 39. Rc2 Nxd2 40. Rxd2 Rb6 41. Red1 R6xb4 42. f3 Rc4 43. Rxd6 Rc2 44. R1d2 Rc1+ 45. Kh2 Kg7 46. Kg3 Rb8 47. R6d5 Re8 48. Rd6 Rh1 49. Ra6 Re7 50. Kg4 Rh2 51. Kg3 Rh5 52. Kg4 Rh2 53. Rad6 Rh1 54. g3 Rg1 55. Rh2 Re8 56. Rh5 f6 57. Rd7+ Kg6 58. Rdh7 1-0

[Event "17th Asian Continental-ch Women 2018"]
[Site "Makati City"]
[Date "2018.12.15"]
[Round "6.11"]
[White "Makhija, Aashna"]
[Black "Fronda, Jan Jodilyn"]
[Result "0-1"]
[WhiteElo "2181"]
[BlackElo "2139"]
[PlyCount "128"]
[EventDate "2018.12.07"]
[EventType "swiss"]
[EventCountry "PHI"]
[TimeControl "40/5400+30:1800+30"]

1. e4 d5 2. exd5 Qxd5 3. Nc3 Qa5 4. Bc4 Nf6 5. d3 Bg4 6. f3 Bd7 7. Bd2 Qe5+ 8. Nge2 e6 9. d4 Qd6 10. O-O Be7 11. Bf4 Qb6 12. Qd2 Nc6 13. Be3 Nb4 14. Bf2 Nbd5 15. Ne4 O-O 16. Bb3 Nxe4 17. fxe4 Nf6 18. Qf4 c5 19. c3 a5 20. e5 Nd5 21. Qg4 Rad8 22. Ng3 a4 23. Nh5 g6 24. Bxd5 exd5 25. Qg3 Kh8 26. dxc5 Qxb2 27. Rab1 Qe2 28. Nf6 Bxf6 29. exf6 Bc6 30. Qh4 d4 31. cxd4 g5 32. Qg3 Qxa2 33. Ra1 Qd5 34. Rae1 Rde8 35. Be3 Rg8 36. Qh3 a3 37. Rf5 Qe6 38. Bf2 a2 39. Rfe5 Qxf6 40. Qa3 Ra8 41. Qb2 Rge8 42. Bg3 Qg7 43. Qxa2 f6 44. Rxe8+ Rxe8 45. Rxe8+ Bxe8 46. Qe6 Qf7 47. Qd6 Bc6 48. h3 Kg7 49. Bf2 h5 50. Qg3 Qd5 51. h4 Kg6 52. Be3 Qe4 53. hxg5 h4 54. Qf2 fxg5 55. Kf1 Qb1+ 56. Ke2 Qc2+ 57. Ke1 Qb1+ 58. Kd2 Qe4 59. Kc3 Qxg2 60. Qf8 Qd5 61. Qc8 Bd7 62. Qc7 h3 63. Qg3 Be6 64. Kd2 h2 0-1